000 00714nam a22002297a 4500
005 20170124110245.0
010 _aB-211133
020 _c250.00
035 _aB-211133
037 _bCen Lib/Ret
040 _aDPL
_bEN
082 _a954.08
_bSTU
110 _aBengal.National Council of Education
_997392
245 _aStudies in the Bengal renaissance /
250 _a3rd rev.ed.
260 _aBengal
_bNational Council of Education
_c2002
270 _aRaja Subodh Chandra, Mullick Road, Jadavpur
_bBengal
_e700 032
300 _axxiv,532p.
_c20cm(Hb)
650 _aBengal (India) -- Intellectual life.
_997393
650 _aIntellectual life.
_931568
942 _2ddc
_cEN
_h954.08
_mSTU
999 _c135491
_d135491